| 000 | 01466nam a2200265Ia 4500 | ||
|---|---|---|---|
| 999 |
_c40000 _d40000 |
||
| 001 | 6606 | ||
| 003 | GE_BSU | ||
| 005 | 20191210164123.0 | ||
| 008 | 181216s2012||||ge |||||||||||||| ||geo|| | ||
| 020 | _a9789941132360 | ||
| 040 | _cGE_BSU | ||
| 041 | _ageo | ||
| 080 | _a821.353.1(092ფშაველა) ვ-20 | ||
| 245 |
_aვაჟა-ფშაველა 150-თანამედროვე ინტერპრეტაციათა ცდანი : _b[კრებული] / _cივანე ჯავახიშვილის სახ. თბილისის სახელმწ. უნ-ტი ; რედ. თამარ შარაბიძე. |
||
| 264 |
_aთბილისი : _bთბილ. უნ-ტის გამ-ბა, _c2012. |
||
| 300 |
_a250 გვ. ; _b20 სმ. |
||
| 504 | _aბიბლიოგრ. სტატიების ბოლოს. | ||
| 600 |
_aვაჟა-ფშაველა (1861-1915) _95768 |
||
| 653 | _aქართული ლიტერატურის ისტორია და კრიტიკა | ||
| 700 |
_aევგენიძე, იუზა _eავტორი _95769 |
||
| 700 |
_aარაბული, ამირან _eავტორი _95770 |
||
| 700 |
_aსირაძე, რევაზ და სხვ. _eავტორი _95771 |
||
| 700 |
_aშარაბიძე, თამარ _eრედაქტორი _95772 |
||
| 942 |
_cBK _2udc |
||